000
00319nam a2200133Ia 4500
008
230917s9999||||xx |||||||||||||| ||und||
040
_e
198281
_a
MAIN
041
_a
English
082
_a
370 S77B
100
_a
Surender singh
245
0
_a
Beri kasbe ka alochnatmak shaikshik adhyayan
300
_a
v. p.
942
_c
TH
999
_c
86938
_d
86938